|
|
|
|
| LEADER |
01137cam a2200301 a 4500 |
| 001 |
c000392560 |
| 003 |
CARM |
| 005 |
20130122073035.0 |
| 008 |
130122s1964 stk 001 0 eng d |
| 010 |
|
|
|a 67000832
|
| 015 |
|
|
|a GB6405468
|2 bnb
|
| 019 |
1 |
|
|a 4043478
|z 23200820
|z 64948977
|5 LACONCORD2021
|
| 035 |
|
|
|a (OCoLC)6337936
|5 LACONCORD2021
|
| 040 |
|
|
|a NUN
|b eng
|c NUN
|d NCP
|
| 043 |
|
|
|a e-uk-st
|
| 050 |
0 |
0 |
|a RC450.G8
|b H4
|
| 082 |
0 |
4 |
|a 616.8909
|
| 100 |
1 |
|
|a Henderson, David
|c Sir,
|d 1884-1965.
|
| 245 |
1 |
4 |
|a The evolution of psychiatry in Scotland /
|c by Sir David Kennedy Henderson ; with a foreword by Sir James Learmonth.
|
| 260 |
|
|
|a Edinburgh ;
|a London :
|b Livingstone,
|c 1964.
|
| 300 |
|
|
|a viii, 300 p. ;
|c 23 cm.
|
| 504 |
|
|
|a Includes bibliographies.
|
| 650 |
|
0 |
|a Psychiatry
|x History
|z Scotland.
|
| 852 |
8 |
|
|b CARM
|p 0589481
|f BK
|
| 852 |
8 |
|
|b SCAN
|h A3:AG11B0
|i B12116
|p 0589481
|f BK
|
| 999 |
f |
f |
|i c2f8b813-6fc4-52a5-879f-20dea92d6682
|s 9aae24a3-828c-505b-aab3-c94995104081
|
| 952 |
f |
f |
|p Can circulate
|a CAVAL
|b CAVAL
|c CAVAL
|d CARM 1 Store
|i book
|m 0589481
|
| 952 |
f |
f |
|a CAVAL
|b CAVAL
|c CAVAL
|d Unmapped Location
|e B12116
|f A3:AG11B0
|h Other scheme
|